000 00286nam a2200109Ia 4500
008 190912s9999||||xx |||||||||||||| ||und||
100 _aProf:Shareef ul-Mujahid
245 0 _aQuaid-i-Azam : Hayaat-w-Khidmaat
260 _aKarachi
_bQuaid-e-Azam Academy
_c1983
300 _a156
942 _cBK
999 _c7340
_d7340